Normal view
MARC view
Entry Término temático
001 - NÚMERO DE CONTROL
- campo de control: 36115
003 - IDENTIFICADOR DEL NÚMERO DE CONTROL
- campo de control: OSt
005 - FECHA Y HORA DE LA ÚLTIMA TRANSACCIÓN
- campo de control: 20200615033523.0
008 - DATOS DE LONGITUD FIJA
- campo de control de longitud fija: 200615|| aca||aabn | a|a d
040 ## - FUENTE DE LA CATALOGACIÓN
- Centro catalogador/agencia de origen: OSt
- Centro/agencia transcriptor: OSt
150 ## - ENCABEZAMIENTO--TÉRMINO DE MATERIA
- Término de materia o nombre geográfico como elemento de entrada: NIÑOS
- Subdivisión geográfica: REPÚBLICA DOMINICANA
- Subdivisión general: CONDICIONES SOCIALES
- Subdivisión de forma: CONGRESOS, CONFERENCIAS, ETC
670 ## - FUENTE DE DATOS ENCONTRADOS
- Cita de la fuente: Work cat.: (OSt)15660: Seminario sobre Formulación de Políticas para la Niñez Dominicana (1: 1980 : Santo Domingo) 36112, Primer Seminario sobre Formulación de Políticas para la Niñez Dominicana., 1980.
